|
|
|
|
| LEADER |
00000nab a2200000 a 4500 |
| 001 |
vtls000136957 |
| 003 |
SK-MaSNL |
| 005 |
20260415120305.0 |
| 008 |
250422c1982 xo 0 slo |
| 015 |
|
|
|a SNBRA19rr/mm-uuuuu
|
| 035 |
|
|
|a CL0147063
|
| 035 |
|
|
|a urn:nbn:sk:snk-ab799v
|
| 035 |
|
|
|a (uuid)96ba3caa-2d5d-4266-b43e-cb9eafac0018
|
| 035 |
|
|
|a (urnnbn)urn:nbn:sk:snk:ar-a079gg
|
| 035 |
|
|
|a (sysno)vtls000136957
|
| 040 |
|
|
|a SNKBUCL
|b slo
|c SNKBUCL
|e AACR2
|
| 041 |
0 |
|
|a eng
|
| 044 |
|
|
|a xo
|c SK
|
| 080 |
|
|
|a 552
|2 1981
|
| 080 |
|
|
|a 550.8
|2 1981
|
| 100 |
1 |
|
|a Macek, Juraj,
|d 1943-
|4 aut
|9 1636938
|
| 245 |
1 |
0 |
|a Petrography of the West Carpathians granitoids - ZK samples
|c Juraj Macek
|
| 300 |
|
|
|b Tb. 1. Obr. 3.
|
| 650 |
0 |
7 |
|a granitoidy
|2 snkbucl
|9 15973
|
| 655 |
|
7 |
|a články zo zborníkov
|2 snkbucl
|9 166140
|
| 773 |
0 |
|
|t Geologický zborník 33
|d Bratislava : Veda, 1982
|g S. 623-630
|
| 850 |
|
|
|a Slovenská národná knižnica
|
| 852 |
|
|
|a Slovenská národná knižnica
|
| 958 |
|
|
|a article27
|
| 958 |
|
|
|a RK
|
| 958 |
|
|
|a OND
|
| 958 |
|
|
|a EUIPO
|
| 992 |
|
|
|a RZB
|
| 999 |
|
|
|c 2714693
|d 2716623
|